| 000 -CABECERA |
| Longitud fija campo de control |
00707nam a2200217 a 4500 |
| 001 - NÚMERO DE CONTROL |
| Número de control |
653 |
| 003 - IDENTIFICADOR DEL NÚMERO DE CONTROL |
| Identificador del número de control |
CDMR |
| 005 - FECHA Y HORA DE LA ÚLTIMA TRANSACCIÓN |
| Fecha y hora de la última transacción |
20131106103853.0 |
| 008 - CÓDIGOS DE INFORMACIÓN DE LONGITUD FIJA |
| Códigos de información de longitud fija |
130130s1973||||||||||||||||||||||||||||d |
| 020 ## - NÚMERO INTERNACIONAL NORMALIZADO PARA LIBROS |
| Número Internacional Normalizado para Libros (ISBN) |
8425050111 |
| 040 ## - FUENTE DE LA CATALOGACIÓN |
| Centro catalogador de origen |
CDMR |
| Lengua de catalogación |
cat |
| Centro transcriptor |
CDMR |
| 100 1# - PUNTO DE ACCESO PRINCIPAL-NOMBRE DE PERSONA |
| Nombre de persona |
Tubau, Iván |
| 9 (RLIN) |
494 |
| 245 10 - MENCIÓN DE TÍTULO |
| Título |
De Tono a Perich |
| Resto del título |
: el chiste gráfico en la prensa española de la posguerra (1939-1969) |
| Mención de responsabilidad, etc. |
Iván Tubau |
| 260 ## - PUBLICACIÓN, DISTRIBUCIÓN, ETC. (PIE DE IMPRENTA) |
| Lugar de publicación, distribución, etc. |
Madrid |
| Fecha de publicación, distribución, etc. |
1973 |
| Nombre del editor, distribuidor, etc. |
Fundación Juan March |
| 300 ## - DESCRIPCIÓN FÍSICA |
| Extensión |
323 p. |
| 490 0# - MENCIÓN DE SERIE |
| Mención de serie |
Monografías. |
| -- |
Derecho, Economía, Ciencias Sociales y Comuniación Social |
| 650 04 - PUNTO DE ACCESO ADICIONAL DE MATERIA - TÉRMINO DE MATERIA |
| 9 (RLIN) |
3162 |
| Término de materia o nombre geográfico como elemento inicial |
Humorisme gràfic |
| Subdivisión de materia general |
Història |
| Subdivisión cronológica |
1939-1969 |
| 650 04 - PUNTO DE ACCESO ADICIONAL DE MATERIA - TÉRMINO DE MATERIA |
| 9 (RLIN) |
468 |
| Término de materia o nombre geográfico como elemento inicial |
Diaris |
| Subdivisión geográfica |
Espanya |
| 650 04 - PUNTO DE ACCESO ADICIONAL DE MATERIA - TÉRMINO DE MATERIA |
| 9 (RLIN) |
3164 |
| Término de materia o nombre geográfico como elemento inicial |
Premsa satírica |
| 942 ## - ENTRADA DE ELEMENTOS AGREGADOS (KOHA) |
| Koha [por defecto] tipo de item |
Monografies |
| Fuente de clasificaión o esquema |
|